Visualizzazione normale
Vista MARC
- Jacques Loew
di Personal Name
Records bibliografici associati: 1
001 - CONTROL NUMBER
- control field: 28117
003 - CONTROL NUMBER IDENTIFIER
- control field: IT-RoPau
005 - DATE AND TIME OF LATEST TRANSACTION
- control field: 20140531083447.0
008 - FIXED-LENGTH DATA ELEMENTS
- fixed length control field: 140531|| aca||aabn | a|a d
040 ## - CATALOGING SOURCE
- Original cataloging agency: IT-RoPau
- Transcribing agency: IT-RoPau
100 ## - HEADING--PERSONAL NAME
- Personal name: Jacques Loew
670 ## - SOURCE DATA FOUND
- Source citation: Work cat.: (IT-RoPau)16223: Jacques Loew, La preghiera dei piccoli e dei poveri., 1983, 5.a edizione